Royce da 5'9 Discography - Statistics

General Stats
  • This quiz has been taken 11 times
  • The average score is 9 of 23
Answer Stats
Year Name Type % Correct
2004 Death Is Certain Album
86%
2011 Hell: The Sequel Album (Collab)
71%
2016 Layers Album
57%
2009 Street Hop Album
57%
2011 Success Is Certain Album
57%
2016 Tabernacle: Trust the Shooter Mixtape
57%
2014 PRhyme Album (Collab)
43%
2002 Rock City Album
43%
2009 Slaughterhouse Album (Group)
43%
2007 The Bar Exam Mixtape
43%
2008 The Bar Exam 2 Mixtape
43%
2010 The Bar Exam 3 Mixtape
43%
2001 The Rock City Mixtape Mixtape
43%
2012 Welcome to: Our House Album (Group)
43%
2014 Shady XV Album (Group)
29%
2017 The Bar Exam 4 Mixtape
29%
2009 The Revival EP EP
29%
2003 Build & Destroy: The Lost Sessions, Pt. 1 Mixtape
14%
2005 Independent's Day Album
14%
2015 Lost Files Mixtape (Collab)
14%
2014 House Rules Mixtape (Group)
0%
2004 M.I.C. (Make It Count) Mixtape
0%
2012 On the House Mixtape (Group)
0%
No matching quizzes found
Score Distribution
Percent of People with Each Score
Percentile by Number Answered
Your Score History
You have not taken this quiz